00466nam a22001812i 450000100060000000300080000600500170001400800410003103500190007204000230009104100080011408200210012208200100014310000180015324500550017126000300022630000280025618489BD-RJUL20211209000307.0140220s1955 xxk j 000 0 eng d a(BD-RJUL)18547 aUKMcUKMdEQObeng aeng a823.91bHAK 1955 aJ2181 aHall, Aylmer.14aThe K.F. conspiracy /cillustrated by R.C.W. Heade a[London] :bHarrap,c1955 a192 p. :bill. ;c19 cm